00950nam a2200241Ia 4500003000900000008004100009020003100050022002200081022002300103040001600126100002900142245008800171260003100259300001000290490002800300700002500328700002400353700002600377856010800403942000700511999001700518952017300535IN-BaIIA211028s9999 xx s 000 0 eng d a978-2-7598-1125-0 (Online) a1633-4760 (Print) a1638-1963 (Online) cIIA Library aAlecian, G., ed. 938241 0aNew Advances in Stellar Physics: From Microscopic to Macroscopic Processesh[eBook] aFrancebEDP Sciencesc2013 a413p. aEAS Publications Series aLebreton, Y. 938242 aRichard, O. 938243 aVauclair, G. 938244 uhttps://www.eas-journal.org/articles/eas/abs/2013/05/contents/contents.htmlyClick Here to Access eBook cEB c20657d20657 00104070aBANbBANd2013-01-01eEDP ScienceshV. 63l0pEB117r2021-11-05uhttps://www.eas-journal.org/articles/eas/abs/2013/05/contents/contents.htmlw2021-11-05yEB